000 00758nam a2200265 i 4500
001 C2-0258989
003 PPAK
005 20180727225453.0
008 041007s2004 my a|||| ||||| | eng d
020 _a9833004156
040 _aPPAK
_beng
_cPPAK
_erda
082 0 4 _a510.92
_223
090 0 0 _a510.92
_bSAN
_dK
100 0 _aSanthi Periasamy,
_eauthor
245 1 0 _aGeometric shapes
264 1 _aPetaling Jaya, Selangor :
_bFuture Text Publications ,
_c2004
300 _a30 pages :
_bcolour illustrations ;
_c26 cm
336 _2rdacontent
_atext
337 _2rdamedia
_aunmediated
338 _2rdacarrier
_avolume
490 1 _aYoung mathematicians
650 1 0 _aMathematicians - Biography.
830 0 _aYoung mathematicians
942 _ddc
_cB
999 _c70470
_d70470